[Event "Let's Play Chess!"]
[Site "http://www.queenalice.com/game.php?id=1062268"]
[Date "2012.5.21"]
[Round "-"]
[White "carionic"]
[Black "ulisses67"]
[Result "0-1"]
[WhiteElo "1416"]
[BlackElo "1575"]

1. d4 d5 2. Nc3 Nf6 3. f3 Nc6 4. e4 dxe4 5. Nxe4 Nxe4 6. fxe4 e5 7. Bb5 Qh4+ 8.
g3 Qxe4+ 9. Kf1 Qxh1 10. Qf3 Bh3+ 11. Kf2 Qxh2+ 12. Ke3 exd4+ 13. Ke4 Qxg1 0-1

[Event "Let's Play Chess!"]
[Site "http://www.queenalice.com/game.php?id=1063283"]
[Date "2012.5.24"]
[Round "-"]
[White "carionic"]
[Black "RYKARDO"]
[Result "1-0"]
[WhiteElo "1432"]
[BlackElo "1442"]

1. d4 Nc6 2. e4 d6 3. c3 e5 4. d5 Nce7 5. Bb5+ Bd7 6. Ba4 g6 7. Bg5 Bh6 8. Qg4
b5 9. Qg3 f5 10. Bc2 fxe4 11. Bxe4 Bxg5 12. Qxg5 Nxd5 13. Qxd8+ Kxd8 14. Bxd5 c6
15. Bf3 a5 16. Nh3 Ne7 17. Ng5 b4 18. Nf7+ Kc7 19. Nxh8 Rxh8 20. cxb4 axb4 21.
Nd2 h5 22. O-O h4 23. h3 c5 24. Nc4 Rb8 25. Rfd1 b3 26. a4 Rb4 27. Nxd6 Rd4 28.
Nb5+ Bxb5 29. axb5 e4 30. Bg4 Rb4 31. Rd7+ Kb6 32. Be2 Nf5 33. Ra6# 1-0

[Event "Let's Play Chess!"]
[Site "http://www.queenalice.com/game.php?id=1063495"]
[Date "2012.5.24"]
[Round "-"]
[White "carionic"]
[Black "fortunato"]
[Result "0-1"]
[WhiteElo "1466"]
[BlackElo "2294"]

1. d4 d5 2. Nf3 e6 3. Bg5 Nf6 4. Na3 Bxa3 5. bxa3 O-O 6. h4 c5 7. Qb1 cxd4 8.
Nxd4 h6 9. c4 hxg5 10. hxg5 Ne4 11. f3 Nxg5 12. f4 Ne4 13. e3 Na6 14. Nb3 Qb6
15. Qd3 Nac5 16. Nxc5 Qa5+ 17. Ke2 Ng3+ 18. Kf3 Nxh1 19. Be2 Qxc5 20. Rxh1 f5
21. cxd5 exd5 22. Qd4 Qxd4 23. exd4 Be6 24. a4 Rac8 25. a5 Rc3+ 26. Kf2 Rc2 27.
a4 Bd7 28. Ra1 Re8 29. Ke1 Rexe2+ 30. Kd1 Rcd2+ 31. Kc1 Rxg2 0-1

[Event "Let's Play Chess!"]
[Site "http://www.queenalice.com/game.php?id=1066077"]
[Date "2012.5.30"]
[Round "-"]
[White "goreb83"]
[Black "carionic"]
[Result "0-1"]
[WhiteElo "2005"]
[BlackElo "1402"]

1. e4 d5 2. exd5 Qxd5 3. Nf3 e5 4. Nc3 Qc5 5. d3 Nc6 6. a3 Nd4 7. Be3 Bf5 8. Nh4
Nh6 9. Qd2 f6 10. Be2 O-O-O 11. O-O Bg4 12. Bxg4+ Nxg4 13. Bxd4 exd4 14. Ne4 Qe5
15. Nf3 Qh5 16. b4 Bd6 17. a4 Bxh2+ 18. Kh1 Bf4+ 0-1

[Event "Let's Play Chess!"]
[Site "http://www.queenalice.com/game.php?id=1066811"]
[Date "2012.6.1"]
[Round "-"]
[White "lcristante"]
[Black "carionic"]
[Result "1-0"]
[WhiteElo "1774"]
[BlackElo "1520"]

1. e4 d5 2. e5 Nh6 3. d4 Bg4 4. Be2 c5 5. Bxg4 Nc6 6. c3 c4 7. Bxh6 gxh6 8. Nf3
e6 9. O-O Rg8 10. Bh3 Ne7 11. b3 Nf5 12. Bxf5 Qe7 13. Bxh7 Rg4 14. Nbd2 f5 15.
h3 Rg7 16. bxc4 Rxh7 17. Qa4+ Kf7 18. cxd5 Kg8 19. dxe6 Qxe6 20. Qc4 Re8 21.
Qxe6+ Rxe6 22. d5 Re8 23. e6 Bd6 24. Nd4 Rc8 25. Nxf5 Bc5 26. Rae1 1-0

[Event "challenge"]
[Site "http://www.queenalice.com/game.php?id=1067305"]
[Date "2012.6.3"]
[Round "-"]
[White "skorpion"]
[Black "carionic"]
[Result "1-0"]
[WhiteElo "2749"]
[BlackElo "1448"]

1. e4 d5 2. exd5 Qxd5 3. Nc3 Qe5+ 4. Be2 Nf6 5. Nf3 Qf5 6. d4 Qg4 7. O-O h5 8.
Ne5 Qh4 9. Bc4 Be6 10. Bxe6 Ng4 11. Bxf7+ Kd8 12. h3 Nd7 13. Be6 Nh6 14. Nxd7 c6
15. g3 1-0

[Event "Juguemos ajedrez!"]
[Site "http://www.queenalice.com/game.php?id=1067570"]
[Date "2012.6.3"]
[Round "-"]
[White "carionic"]
[Black "Piazzolero"]
[Result "1-0"]
[WhiteElo "1464"]
[BlackElo "1576"]

1. d4 d5 2. Nf3 e6 3. Bg5 Nf6 4. e3 h6 5. Bh4 Nc6 6. Bb5 a6 7. Ba4 Bb4+ 8. c3
Ba5 9. Ne5 O-O 10. Qd3 b5 11. Bc2 b4 12. Bxf6 Qxf6 13. Qh7# 1-0

[Event "6"]
[Site "http://www.queenalice.com/game.php?id=1073115"]
[Date "2012.6.17"]
[Round "-"]
[White "Kir"]
[Black "carionic"]
[Result "1-0"]
[WhiteElo "1954"]
[BlackElo "1464"]

1. c4 d5 2. cxd5 Qxd5 3. Nc3 Qe6 4. d4 c6 5. e4 Nh6 6. Nf3 f6 7. d5 cxd5 8. Nxd5
Kd8 9. Nc7+ Kxc7 10. Bf4+ Kb6 11. Qd4+ Kc6 12. Qa4+ 1-0

[Event "Meow! #14B"]
[Site "http://www.queenalice.com/game.php?id=1076677"]
[Date "2012.6.26"]
[Round "-"]
[White "carionic"]
[Black "aspiemeow"]
[Result "0-1"]
[WhiteElo "1513"]
[BlackElo "1437"]

1. d4 e6 2. e4 d5 3. e5 b6 4. Na3 Ba6 5. Nh3 Bxf1 6. Rxf1 Nd7 7. Bg5 Qc8 8. Nb5
g6 9. c3 Bg7 10. a4 a6 11. Na3 c5 12. Nc2 Ne7 13. Qf3 Nc6 14. Bf6 O-O 15. Ne3
cxd4 16. Bxg7 Kxg7 17. Ng4 Ncxe5 18. Nxe5 Nxe5 19. Qg3 Nc6 20. Qh4 dxc3 21. bxc3
h5 22. Ke2 Na5 23. Rfc1 Qc4+ 24. Qxc4 Nxc4 25. Ng5 Rac8 26. f4 Rfe8 27. Kf2 e5
28. Re1 exf4 29. Nf3 Rxe1 30. Nxe1 Re8 31. Nd3 g5 32. Re1 Rxe1 33. Nxe1 Kf6 34.
Nd3 a5 35. Kf3 Kf5 36. h3 g4+ 37. hxg4+ hxg4+ 38. Kf2 Ke4 39. Ne1 Nb2 40. Ke2
Nxa4 0-1

[Event "Let's Play Chess!?!?"]
[Site "http://www.queenalice.com/game.php?id=1077345"]
[Date "2012.6.29"]
[Round "-"]
[White "Nick04"]
[Black "carionic"]
[Result "0-1"]
[WhiteElo "1500"]
[BlackElo "1486"]

1. e4 e5 2. Nf3 d6 3. d4 f6 4. Nc3 Nc6 5. d5 Nd4 6. Nxd4 exd4 7. Qxd4 b6 8. Be2
h5 9. a3 a6 10. O-O h4 11. h3 f5 12. Bf4 fxe4 13. Qxe4+ Qe7 14. Qa4+ Bd7 15. Qd4
Nf6 16. Be3 Qe5 17. Qd3 Bf5 18. Qc4 c5 19. dxc6 d5 20. Qa4 Bd6 21. c7+ Bd7 22.
f4 Qxe3+ 23. Kh1 Bxa4 24. Rae1 O-O 25. Nxa4 Bxc7 26. Bxa6 Qg3 27. Bb5 Nh5 28.
Bc6 Rad8 29. Re7 Nxf4 30. Rg1 Ne2 31. Rxc7 Nxg1 32. Rd7 Rxd7 33. Bxd7 Rf2 34.
Kxg1 Qxg2# 0-1

[Event "Let's Play Chess!"]
[Site "http://www.queenalice.com/game.php?id=1079049"]
[Date "2012.7.5"]
[Round "-"]
[White "gambittree3"]
[Black "carionic"]
[Result "0-1"]
[WhiteElo "1256"]
[BlackElo "1501"]

1. d4 d5 2. c4 Nf6 3. e3 dxc4 4. Bxc4 Bg4 5. Qa4+ Bd7 6. Qb3 Be6 7. Bxe6 fxe6 8.
Qxb7 Nbd7 9. Qc6 Nd5 10. Qxe6 N7f6 11. f3 Qd6 12. Qh3 Nb4 13. Kd2 e5 14. Ne2
exd4 15. exd4 Nbd5 16. Nbc3 Nf4 17. Qg3 Nxe2 18. Nxe2 Qb4+ 19. Nc3 Qxd4+ 20. Kc2
Nd5 21. Rd1 Ne3+ 22. Kb1 Nxd1 23. Qxc7 Qd3# 0-1

[Event "Let's Play Chess!"]
[Site "http://www.queenalice.com/game.php?id=1079143"]
[Date "2012.7.5"]
[Round "-"]
[White "carionic"]
[Black "kripton"]
[Result "0-1"]
[WhiteElo "1486"]
[BlackElo "1550"]

1. d4 g6 2. e4 Bg7 3. d5 d6 4. Nh3 Nf6 5. Qd4 O-O 6. Bd3 c5 7. dxc6 Nxc6 8. Qe3
d5 9. Ng5 h6 10. h4 hxg5 11. hxg5 Nxe4 12. f4 Bg4 13. Nd2 Bd4 14. b3 Bxe3 15.
Bb2 Bxd2+ 16. Kf1 Bc3 17. Bxc3 Nxc3 18. Rh4 Bf5 19. Bxf5 gxf5 20. g4 Qb6 0-1

[Event "Let's Play Chess!"]
[Site "http://www.queenalice.com/game.php?id=1079391"]
[Date "2012.7.5"]
[Round "-"]
[White "Taurus"]
[Black "carionic"]
[Result "1-0"]
[WhiteElo "2056"]
[BlackElo "1503"]

1. e4 e5 2. Nf3 Qf6 3. c3 Nh6 4. d4 exd4 5. cxd4 d5 6. e5 Qc6 7. Nc3 Bg4 8. Bb5
Bb4 9. Bxc6+ Nxc6 10. a3 Ba5 11. h3 Bh5 12. Bxh6 gxh6 13. Qd3 Bg6 14. Qe3 O-O-O
15. O-O-O Bb6 16. Qxh6 Ne7 17. Qg5 Nf5 18. h4 Nxd4 19. Nxd4 Bxd4 20. Rxd4 c6 21.
f4 1-0

[Event "Challenge"]
[Site "http://www.queenalice.com/game.php?id=1104534"]
[Date "2012.9.19"]
[Round "-"]
[White "Rogerio11"]
[Black "carionic"]
[Result "0-1"]
[WhiteElo "1299"]
[BlackElo "1513"]

1. e4 d5 2. d3 dxe4 3. dxe4 Qxd1+ 4. Kxd1 Bg4+ 5. f3 Bh5 6. Nc3 c6 7. Bc4 e5 8.
Nh3 f6 9. Be6 Nd7 10. g4 Bf7 11. Bb3 Nh6 12. Be3 Bc5 13. Bxc5 Nxc5 14. Bc4 Bxc4
15. b4 Na6 16. Nf2 Nxb4 17. Rb1 Rd8+ 18. Kc1 Nxa2+ 19. Nxa2 Bxa2 20. Rxb7 Nf7
21. Rxa7 Be6 22. Nd3 O-O 23. Nc5 Ra8 24. Rc7 Ra1+ 25. Kb2 Rxh1 26. Nxe6 Rb8+ 27.
Kc3 Rxh2 28. Rxc6 Nd8 29. Rc7 Nxe6 30. Rc4 Rh3 31. Rc6 Rxf3+ 32. Kc4 Nd4 33. Rd6
Nxc2 34. Rd2 Rc8+ 35. Kd5 Rd8+ 0-1

[Event "Challenge"]
[Site "http://www.queenalice.com/game.php?id=1302762"]
[Date "2014.8.20"]
[Round "-"]
[White "Rogerio11"]
[Black "carionic"]
[Result "0-1"]
[WhiteElo "1259"]
[BlackElo "1516"]

1. e4 d5 2. d3 dxe4 3. dxe4 Qxd1+ 4. Kxd1 Nf6 5. f3 e5 6. c4 Bc5 7. a3 a5 8. Nc3
O-O 9. Nb5 Rd8+ 10. Ke1 Na6 11. b4 axb4 12. axb4 Bxb4+ 13. Bd2 Bxd2+ 14. Kf2 Ne8
15. Rd1 Nc5 16. g4 Ra2 17. Bh3 Be3+ 18. Ke1 Rxd1+ 19. Kxd1 Nd3 20. Nc3 Rd2# 0-1

[Event "Let's Play Chess!"]
[Site "http://www.queenalice.com/game.php?id=1306187"]
[Date "2014.9.5"]
[Round "-"]
[White "carlosufpe"]
[Black "carionic"]
[Result "0-1"]
[WhiteElo "1724"]
[BlackElo "1524"]

1. d4 d5 2. e3 a6 3. c4 Nf6 4. Nf3 Ne4 5. Nbd2 Bg4 6. Be2 e6 7. Ne5 Qf6 8. Nxe4
dxe4 9. Nxg4 Qe7 10. Qa4+ c6 11. d5 exd5 12. cxd5 b5 13. Qd1 Qd6 14. dxc6 Nxc6
15. Qxd6 Bxd6 16. f3 Nb4 17. Bd1 f5 18. Nf2 exf3 19. Bxf3 Nc2+ 20. Kd2 Rc8 21.
g3 O-O 22. Bd5+ Kh8 23. Bb3 Bb4+ 24. Ke2 Nxa1 25. Bd2 Bxd2 26. Kxd2 Nxb3+ 27.
axb3 Rfd8+ 0-1

[Event "OS INCLIVEIS"]
[Site "http://www.queenalice.com/game.php?id=1308394"]
[Date "2014.9.15"]
[Round "-"]
[White "adelio"]
[Black "carionic"]
[Result "1-0"]
[WhiteElo "1771"]
[BlackElo "1550"]

1. a3 d5 2. d4 Bg4 3. Nc3 c6 4. h3 Bh5 5. g4 Bg6 6. Nf3 Nf6 7. Ne5 Be4 8. Nxe4
Nxe4 9. Nxf7 Kxf7 10. Bg2 Nxf2 11. Rf1 e6 12. Rxf2+ Kg8 13. g5 Be7 14. e4 Bxg5
15. Qg4 h6 16. Qxe6+ Kh7 17. Qf5+ Kg8 18. exd5 Qe7+ 19. Re2 Bh4+ 20. Kd1 Qf7 21.
Qe6 Nd7 22. d6 Nf8 23. Qxf7+ Kxf7 24. Re4 Ng6 25. Bd2 Rhe8 26. Rg4 Bg5 27. d5
Nh4 28. Bxg5 Nxg2 29. Rxg2 hxg5 30. Rxg5 c5 31. Kd2 Kf6 32. h4 g6 33. Rf1+ Kg7
34. h5 1-0